[Event "CAN-ch U20 2002"]
[Site "Winnipeg CAN"]
[Date "2002.01.04"]
[Round "6"]
[White "Cameron, Kirk"]
[Black "Mu, Yuchen"]
[Result "0-1"]
[WhiteElo "934"]
[BlackElo "1720"]
[PlyCount "66"]
[EventDate "2002.01.02"]
[EventType "swiss"]
[EventRounds "8"]
[EventCountry "CAN"]

1. e4 c5 2. Bc4 e6 3. d3 Nc6 4. Nf3 d5 5. exd5 exd5 6. Bb5 Nf6 7. Qe2+ Be7 8.
Nc3 O-O 9. Bd2 Bg4 10. h3 Nd4 11. Qf1 Bxf3 12. gxf3 Nxc2+ 13. Ke2 Nxa1 14. Qxa1
a6 15. Ba4 b5 16. Bc2 Re8 17. Qg1 Bf8+ 18. Kd1 d4 19. Ne4 Nxe4 20. fxe4 c4 21.
Bh6 Qf6 22. Bd2 Rad8 23. Bg5 Qf3+ 24. Kc1 Rd6 25. Bd1 Qxd3 26. Bc2 Qf3 27. Qd1
Qxd1+ 28. Rxd1 d3 29. Bb1 Rxe4 30. b3 Rg6 31. Be3 Rg2 32. bxc4 Rxe3 33. fxe3
Ba3# 0-1

[Event "CAN-ch U20 2002"]
[Site "Winnipeg CAN"]
[Date "2002.01.04"]
[Round "6"]
[White "Davies, Lucas"]
[Black "Charbonneau, Anne-Marie"]
[Result "0-1"]
[WhiteElo "1919"]
[BlackElo "1925"]
[PlyCount "56"]
[EventDate "2002.01.02"]
[EventType "swiss"]
[EventRounds "8"]
[EventCountry "CAN"]

1. e4 c5 2. Nc3 g6 3. g3 Bg7 4. Bg2 e6 5. d3 Ne7 6. f4 d6 7. Nf3 Nbc6 8. O-O
O-O 9. Be3 Nd4 10. Rb1 Rb8 11. Ne2 Nec6 12. c3 Nxf3+ 13. Bxf3 Qc7 14. d4 cxd4
15. Nxd4 a6 16. Qd3 Bd7 17. Rbd1 Rfd8 18. Nxc6 Bxc6 19. f5 Be5 20. fxe6 fxe6
21. Bd4 Bb5 22. c4 Qxc4 23. Qxc4 Bxc4 24. Rf2 Bxd4 25. Rxd4 Bxa2 26. Bd1 e5 27.
b3 exd4 28. Rxa2 d5 0-1

[Event "CAN-ch U20 2002"]
[Site "Winnipeg CAN"]
[Date "2002.01.04"]
[Round "6"]
[White "Davies, Noam"]
[Black "Eshleman, Brandon"]
[Result "1-0"]
[WhiteElo "1670"]
[BlackElo "1826"]
[PlyCount "77"]
[EventDate "2002.01.02"]
[EventType "swiss"]
[EventRounds "8"]
[EventCountry "CAN"]

1. e4 e5 2. Nf3 Nc6 3. Bb5 a6 4. Ba4 Nf6 5. O-O Be7 6. Re1 b5 7. Bb3 O-O 8. d4
d6 9. h3 Bb7 10. c3 Na5 11. Bc2 Nd7 12. Nbd2 c5 13. Nf1 cxd4 14. cxd4 Rc8 15.
Ng3 Nc6 16. Be3 Nb6 17. Nf5 Nc4 18. Bc1 Nb4 19. Bb1 Bf6 20. b3 Nb6 21. Ba3 a5
22. Qd2 exd4 23. N3xd4 g6 24. Nh6+ Kh8 25. Ng4 Bg7 26. Bxb4 axb4 27. Qxb4 h5
28. Nh2 Qc7 29. Nhf3 Qc5 30. Qd2 Nd7 31. b4 Qb6 32. Bc2 Ne5 33. Rac1 Nc4 34.
Qf4 Bxd4 35. Qh6+ Kg8 36. Ng5 Bxf2+ 37. Kh1 Rfe8 38. Qh7+ Kf8 39. Qxf7# 1-0

[Event "CAN-ch U20 2002"]
[Site "Winnipeg CAN"]
[Date "2002.01.04"]
[Round "6"]
[White "Kazmaier, Daniel"]
[Black "Candow, John"]
[Result "1-0"]
[WhiteElo "1772"]
[BlackElo "1819"]
[PlyCount "57"]
[EventDate "2002.01.02"]
[EventType "swiss"]
[EventRounds "8"]
[EventCountry "CAN"]

1. e4 e6 2. d4 d5 3. exd5 exd5 4. c4 Bb4+ 5. Nc3 Ne7 6. Nf3 Bg4 7. h3 Bh5 8.
Bd3 Nbc6 9. Be3 dxc4 10. Bxc4 Nd5 11. Qb3 Bxc3+ 12. bxc3 Nxe3 13. fxe3 O-O 14.
Qxb7 Bxf3 15. gxf3 Qh4+ 16. Ke2 Ne7 17. Qe4 Qf6 18. Rab1 Rae8 19. Rb5 Ng6 20.
Qf5 Qh4 21. Qg4 Nf4+ 22. Kd1 Qxg4 23. fxg4 Rxe3 24. Kd2 Rxh3 25. Rxh3 Nxh3 26.
Rb7 Nf2 27. Be2 c5 28. Ke3 Nh3 29. dxc5 1-0

[Event "CAN-ch U20 2002"]
[Site "Winnipeg CAN"]
[Date "2002.01.04"]
[Round "6"]
[White "Lipnowski, Michael"]
[Black "Wang, Hao Yuan"]
[Result "1/2-1/2"]
[WhiteElo "1799"]
[BlackElo "2219"]
[PlyCount "139"]
[EventDate "2002.01.02"]
[EventType "swiss"]
[EventRounds "8"]
[EventCountry "CAN"]

1. d4 Nf6 2. c4 e6 3. Nf3 c5 4. d5 exd5 5. cxd5 d6 6. e4 g6 7. Bd3 Bg7 8. O-O
O-O 9. h3 Re8 10. Re1 a6 11. a4 Nbd7 12. Nbd2 Bf8 13. Nc4 Nb6 14. Nxb6 Qxb6 15.
Nd2 Nd7 16. Nc4 Qc7 17. Bf4 Nb6 18. Nxb6 Qxb6 19. Qc2 Bd7 20. a5 Qd8 21. Qb3
Qf6 22. Bg3 Qd4 23. e5 dxe5 24. Re4 c4 25. Qxc4 Qxc4 26. Bxc4 Bd6 27. Rc1 f6
28. f3 Kg7 29. Bf2 Rac8 30. b3 g5 31. Bb6 Kf7 32. Kf2 Bf5 33. Re2 Ke7 34. Rd1
Bg6 35. h4 h6 36. hxg5 hxg5 37. Rh1 Rh8 38. Ree1 Bb4 39. Rc1 Kd7 40. g4 Bd6 41.
Ke3 e4 42. Rce1 Bg3 43. Rxh8 Rxh8 44. Re2 Bf4+ 45. Kf2 Rh2+ 46. Kf1 exf3 47.
Rxh2 Bxh2 48. Kf2 Bf4 49. Kxf3 f5 50. Bc5 fxg4+ 51. Kxg4 Bc2 52. Bf8 Bd1+ 53.
Kf5 Bd2 54. d6 Bc2+ 55. Kf6 Bc3+ 56. Kxg5 Bxa5 57. Kf6 Bc3+ 58. Kf7 Bf5 59. Bd5
b6 60. Be7 Be5 61. Bb7 Bxd6 62. Bxd6 Kxd6 63. Bxa6 Be6+ 64. Ke8 Bxb3 65. Kd8
Kc5 66. Kc7 Ba4 67. Be2 Bb5 68. Bf3 Bc4 69. Bc6 Bd5 70. Bxd5 1/2-1/2

[Event "CAN-ch U20 2002"]
[Site "Winnipeg CAN"]
[Date "2002.01.04"]
[Round "6"]
[White "Lipnowski, Samuel"]
[Black "Strehlow, Chris"]
[Result "1-0"]
[WhiteElo "2035"]
[BlackElo "1608"]
[PlyCount "38"]
[EventDate "2002.01.02"]
[EventType "swiss"]
[EventRounds "8"]
[EventCountry "CAN"]

1. e4 e5 2. f4 exf4 3. Nf3 d5 4. exd5 Nf6 5. Bb5+ Bd7 6. Bxd7+ Qxd7 7. O-O Nxd5
8. c4 Nb4 9. d4 N8c6 10. d5 Bc5+ 11. Kh1 O-O-O 12. a3 Nxd5 13. cxd5 Be3 14. Nc3
Na5 15. Bxe3 fxe3 16. Ne5 Qe7 17. Nxf7 Nc4 18. Nxh8 Rxh8 19. Qg4+ Qd7 1-0

[Event "CAN-ch U20 2002"]
[Site "Winnipeg CAN"]
[Date "2002.01.04"]
[Round "6"]
[White "Strub, Michael"]
[Black "Charter, Bennet"]
[Result "1-0"]
[WhiteElo "1719"]
[BlackElo "1820"]
[PlyCount "45"]
[EventDate "2002.01.02"]
[EventType "swiss"]
[EventRounds "8"]
[EventCountry "CAN"]

1. d4 Nf6 2. c4 g6 3. g3 Bg7 4. Bg2 d5 5. cxd5 Nxd5 6. e4 Nb6 7. Ne2 e5 8. d5
O-O 9. O-O c6 10. Nec3 cxd5 11. exd5 Qd6 12. a4 Rd8 13. Na3 Qe7 14. a5 N6d7 15.
Nab5 Na6 16. d6 Qf8 17. Nd5 Ndc5 18. Bg5 f6 19. Be3 Rxd6 20. Nxd6 Qxd6 21. Rc1
Qf8 22. Bxc5 Nxc5 23. Nc7 1-0

[Event "CAN-ch U20 2002"]
[Site "Winnipeg CAN"]
[Date "2002.01.04"]
[Round "6"]
[White "Vincent, Trevor"]
[Black "Jiganchine, Roman"]
[Result "1/2-1/2"]
[WhiteElo "1699"]
[BlackElo "2246"]
[PlyCount "99"]
[EventDate "2002.01.02"]
[EventType "swiss"]
[EventRounds "8"]
[EventCountry "CAN"]

1. c4 c6 2. g3 d5 3. cxd5 cxd5 4. d4 Nf6 5. Nf3 Nc6 6. Bg2 Bf5 7. Nc3 e6 8. O-O
Be7 9. Bg5 h6 10. Bxf6 Bxf6 11. e3 O-O 12. a3 Na5 13. Nd2 Rc8 14. Rc1 Nc4 15.
Nxc4 Rxc4 16. Qb3 Qc8 17. Rfd1 a6 18. Bf1 Rc6 19. Bd3 Bxd3 20. Rxd3 Qc7 21.
Rcd1 Rc8 22. Kg2 Be7 23. R1d2 b5 24. e4 Rc4 25. exd5 exd5 26. Re2 Bf6 27. f3
Qd7 28. Qd1 g6 29. Qd2 Kg7 30. Nd1 R4c6 31. Ne3 h5 32. h4 Qd8 33. b4 Qd7 34.
Qa2 Rd6 35. Rc2 Rxc2+ 36. Qxc2 Rc6 37. Rc3 Rxc3 38. Qxc3 Qe6 39. Qd3 Qc6 40.
Qc2 Qxc2+ 41. Nxc2 Kf8 42. f4 Ke7 43. Kf3 Kd6 44. Ke3 Bd8 45. Ne1 a5 46. Nd3
axb4 47. axb4 Bb6 48. Ne5 Ke6 49. Kd3 Ke7 50. Ke3 1/2-1/2

[Event "CAN-ch U20 2002"]
[Site "Winnipeg CAN"]
[Date "2002.01.05"]
[Round "7"]
[White "Davies, Lucas"]
[Black "Vincent, Trevor"]
[Result "1-0"]
[WhiteElo "1919"]
[BlackElo "1699"]
[PlyCount "61"]
[EventDate "2002.01.02"]
[EventType "swiss"]
[EventRounds "8"]
[EventCountry "CAN"]

1. e4 c5 2. Nc3 Nc6 3. g3 g6 4. Bg2 e5 5. d3 Bg7 6. f4 d6 7. Nf3 Nf6 8. O-O O-O
9. h3 Rb8 10. g4 h6 11. f5 g5 12. Qe1 Nd4 13. Qf2 Nxf3+ 14. Bxf3 b5 15. Kg2 a5
16. Rh1 Bd7 17. h4 Nh7 18. hxg5 Nxg5 19. Nd5 Bc6 20. Bxg5 Qxg5 21. Rh5 Qd8 22.
Ne3 f6 23. Rh2 a4 24. g5 hxg5 25. Bh5 Be8 26. Qf3 Rb7 27. Bg6 Bxg6 28. fxg6 Re8
29. Nf5 Rd7 30. Qh5 Kf8 31. Qh8+ 1-0

[Event "CAN-ch U20 2002"]
[Site "Winnipeg CAN"]
[Date "2002.01.05"]
[Round "7"]
[White "Davies, Noam"]
[Black "Strub, Michael"]
[Result "1-0"]
[WhiteElo "1670"]
[BlackElo "1719"]
[PlyCount "55"]
[EventDate "2002.01.02"]
[EventType "swiss"]
[EventRounds "8"]
[EventCountry "CAN"]

1. e4 e5 2. Nf3 Nf6 3. Nxe5 d6 4. Nf3 Nxe4 5. d4 d5 6. Bd3 Nc6 7. O-O Be7 8. c4
Nb4 9. cxd5 Nxd3 10. Qxd3 Qxd5 11. Re1 Bf5 12. Nc3 Nxc3 13. Qxc3 c6 14. Bh6
gxh6 15. Re5 Qd7 16. Rae1 Be6 17. d5 cxd5 18. Rxe6 fxe6 19. Qxh8+ Bf8 20. Qf6
Be7 21. Rxe6 Rc8 22. Re1 Kd8 23. Qh8+ Kc7 24. Qxh7 Bb4 25. Rc1+ Kd6 26. Qxh6+
Ke7 27. Qg7+ Kd6 28. Qe5# 1-0

[Event "CAN-ch U20 2002"]
[Site "Winnipeg CAN"]
[Date "2002.01.05"]
[Round "7"]
[White "Eshleman, Brandon"]
[Black "Kazmaier, Daniel"]
[Result "1-0"]
[WhiteElo "1826"]
[BlackElo "1772"]
[PlyCount "51"]
[EventDate "2002.01.02"]
[EventType "swiss"]
[EventRounds "8"]
[EventCountry "CAN"]

1. e4 c5 2. Nf3 Nc6 3. Bb5 d6 4. O-O Bd7 5. Re1 a6 6. Bf1 Qc7 7. c3 g6 8. d4
cxd4 9. cxd4 Bg7 10. Nc3 e6 11. Be3 Nge7 12. g3 f5 13. Bg2 fxe4 14. Nxe4 Nf5
15. Rc1 d5 16. Nc5 b6 17. Bf4 Qc8 18. Nxe6 Bxe6 19. Ne5 Bxe5 20. Bxe5 Kd7 21.
Bxh8 Qxh8 22. Rxc6 Kxc6 23. Rxe6+ Kd7 24. Rxb6 Nxd4 25. Qa4+ Nb5 26. Rxa6 1-0

[Event "CAN-ch U20 2002"]
[Site "Winnipeg CAN"]
[Date "2002.01.05"]
[Round "7"]
[White "Jiganchine, Roman"]
[Black "Lipnowski, Michael"]
[Result "1/2-1/2"]
[WhiteElo "2246"]
[BlackElo "1799"]
[PlyCount "59"]
[EventDate "2002.01.02"]
[EventType "swiss"]
[EventRounds "8"]
[EventCountry "CAN"]

1. d4 Nf6 2. c4 g6 3. Nc3 Bg7 4. Nf3 O-O 5. g3 d6 6. Bg2 Nbd7 7. O-O e5 8. e4
Re8 9. Re1 c6 10. h3 Qc7 11. b3 a6 12. Bb2 b5 13. cxb5 axb5 14. Qc2 Qb6 15.
dxe5 dxe5 16. a4 b4 17. Nb1 Ra5 18. Nbd2 Rc5 19. Nc4 Ba6 20. Bf1 Qb8 21. Qd2
Bxc4 22. Bxc4 Rxc4 23. bxc4 Nc5 24. Qc2 Nfd7 25. Nd2 h5 26. Nb3 h4 27. Nxc5
Nxc5 28. Bc1 hxg3 29. fxg3 Rd8 30. Kg2 1/2-1/2

[Event "CAN-ch U20 2002"]
[Site "Winnipeg CAN"]
[Date "2002.01.05"]
[Round "7"]
[White "Kwiatek, Jordan"]
[Black "Cameron, Kirk"]
[Result "1-0"]
[WhiteElo "1399"]
[BlackElo "934"]
[PlyCount "65"]
[EventDate "2002.01.02"]
[EventType "swiss"]
[EventRounds "8"]
[EventCountry "CAN"]

1. e4 e5 2. f4 exf4 3. Nf3 d6 4. Bc4 Nh6 5. d4 c6 6. Bxf4 b5 7. Bb3 Be7 8. O-O
O-O 9. Bxh6 gxh6 10. Nbd2 Qd7 11. e5 d5 12. c3 Bd8 13. Bc2 Qg4 14. Rf2 Qg7 15.
Nf1 Bh3 16. Ng3 Bg4 17. Qd3 Be6 18. Raf1 Qg6 19. Qe2 Qg7 20. h3 Nd7 21. Nh5 Qh8
22. Nh2 Bh4 23. Bf5 Bxf2+ 24. Qxf2 Bxf5 25. Qxf5 Qg7 26. Nxg7 Kxg7 27. Qxd7
Rad8 28. Qxc6 h5 29. Qf6+ Kg8 30. Rf3 Rfe8 31. Qxf7+ Kh8 32. Qf6+ Kg8 33. Rg3#
1-0

[Event "CAN-ch U20 2002"]
[Site "Winnipeg CAN"]
[Date "2002.01.05"]
[Round "7"]
[White "Lafreniere, Adrian"]
[Black "Lipnowski, Samuel"]
[Result "0-1"]
[WhiteElo "1721"]
[BlackElo "2035"]
[PlyCount "90"]
[EventDate "2002.01.02"]
[EventType "swiss"]
[EventRounds "8"]
[EventCountry "CAN"]

1. e4 c5 2. Nf3 e6 3. b3 a6 4. Bb2 Nc6 5. d4 cxd4 6. Nxd4 Nf6 7. Bd3 d6 8. Nd2
Be7 9. Qe2 Qc7 10. a3 O-O 11. O-O Bd7 12. Nxc6 Bxc6 13. e5 dxe5 14. Bxe5 Qa5
15. Nc4 Qd5 16. f4 Rad8 17. Kh1 Nd7 18. Rad1 Qc5 19. Bc3 Rfe8 20. Bb4 Qa7 21.
Bxe7 Rxe7 22. f5 Qb8 23. Qg4 Nf6 24. Qh4 e5 25. Ne3 Red7 26. Ng4 Nxg4 27. Qxg4
f6 28. Rde1 Rd4 29. Qh5 Qa7 30. Bc4+ Kh8 31. Bf7 Rd2 32. Rg1 Qf2 33. Qh3 Rxc2
34. Bg6 h6 35. b4 Rdd2 36. Ref1 Bxg2+ 37. Qxg2 Qxg2+ 38. Rxg2 Rxg2 39. Rd1
Rxh2+ 40. Kg1 Rcg2+ 41. Kf1 Rh1+ 42. Kxg2 Rxd1 43. Kf3 Rd3+ 44. Ke4 Rxa3 45.
Kd5 a5 0-1

[Event "CAN-ch U20 2002"]
[Site "Winnipeg CAN"]
[Date "2002.01.05"]
[Round "7"]
[White "Mu, Yuchen"]
[Black "Strehlow, Chris"]
[Result "1/2-1/2"]
[WhiteElo "1720"]
[BlackElo "1608"]
[PlyCount "131"]
[EventDate "2002.01.02"]
[EventType "swiss"]
[EventRounds "8"]
[EventCountry "CAN"]

1. e4 e5 2. f4 exf4 3. Nf3 d5 4. exd5 Nf6 5. Bc4 Qe7+ 6. Qe2 Qxe2+ 7. Kxe2 Bg4
8. d4 Bd6 9. Nc3 Nbd7 10. Nb5 O-O 11. Nxd6 cxd6 12. Bxf4 Nb6 13. Bd3 Rad8 14.
c4 Na4 15. Rab1 b5 16. Bg5 Rde8+ 17. Kf1 Ne4 18. Bf4 Bf5 19. Re1 Nxb2 20. Bxe4
Rxe4 21. Rxe4 Bxe4 22. Bxd6 Rd8 23. Be7 Rd7 24. d6 Bxf3 25. gxf3 Nxc4 26. Ke2
Nxd6 27. Bxd6 Rxd6 28. Kd3 f5 29. Rc1 a6 30. Rc5 g6 31. d5 Kf7 32. Kd4 Ke7 33.
Ke5 Kd7 34. Rc3 Rb6 35. f4 b4 36. Rh3 h5 37. Kd4 a5 38. Kc5 Kc7 39. Re3 Rd6 40.
Rd3 Rf6 41. Kb5 Kd6 42. Kxa5 Kc5 43. d6 Rf8 44. Ka6 Kc6 45. Ka7 Rd8 46. Rd4
Rxd6 47. Rxb4 Kc5 48. Rb2 Rd4 49. Rf2 Kd5 50. Kb6 Ke4 51. Kb5 Ke3 52. Rg2 Rd6
53. a4 Kxf4 54. a5 Kf3 55. Rg3+ Kf2 56. a6 f4 57. a7 Rd5+ 58. Kb6 fxg3 59. a8=Q
g2 60. Qa2+ Kf1 61. Qc4+ Kf2 62. Qf4+ Kg1 63. Qc1+ Kxh2 64. Qf4+ Kg1 65. Qe3+
Kh1 66. Qh3+ 1/2-1/2

[Event "CAN-ch U20 2002"]
[Site "Winnipeg CAN"]
[Date "2002.01.05"]
[Round "7"]
[White "Raheb, David"]
[Black "Moskvitch, Andrei"]
[Result "0-1"]
[WhiteElo "2248"]
[BlackElo "2200"]
[PlyCount "81"]
[EventDate "2002.01.02"]
[EventType "swiss"]
[EventRounds "8"]
[EventCountry "CAN"]

1. d4 d5 2. Nf3 e6 3. c4 Nf6 4. Bg5 Be7 5. Nc3 O-O 6. e3 h6 7. Bh4 b6 8. cxd5
exd5 9. Rc1 c5 10. Ne5 Bb7 11. Bd3 Nbd7 12. Nxd7 Qxd7 13. O-O c4 14. Bb1 b5 15.
f3 Rfe8 16. Qc2 g6 17. Ne2 Ng4 18. fxg4 Bxh4 19. Rf3 Bg5 20. Rcf1 Bxe3+ 21. Kh1
Re7 22. h3 Rae8 23. Nf4 Bxf4 24. Rxf4 Re1 25. Qf2 Rxf1+ 26. Qxf1 Qe7 27. Kh2
Kg7 28. Qf3 Qd6 29. Qg3 Re6 30. g5 hxg5 31. Qxg5 Rf6 32. Kg3 b4 33. h4 Bc6 34.
Qxf6+ Qxf6 35. Rxf6 Kxf6 36. Kf4 Ba4 37. Ke3 Bd7 38. Bc2 Bf5 39. Ba4 Bb1 40. a3
c3 41. axb4 0-1

[Event "CAN-ch U20 2002"]
[Site "Winnipeg CAN"]
[Date "2002.01.06"]
[Round "8"]
[White "Cameron, Kirk"]
[Black "Kazmaier, Daniel"]
[Result "0-1"]
[WhiteElo "934"]
[BlackElo "1772"]
[PlyCount "60"]
[EventDate "2002.01.02"]
[EventType "swiss"]
[EventRounds "8"]
[EventCountry "CAN"]

1. e4 c5 2. Nc3 Nc6 3. d3 g6 4. Nf3 Bg7 5. Be3 d6 6. Rb1 Nf6 7. Ng5 O-O 8. Na4
Ng4 9. Be2 Nxe3 10. fxe3 Qa5+ 11. c3 b5 12. b4 Qxa4 13. Qxa4 Bxc3+ 14. Kd1 bxa4
15. b5 Ne5 16. b6 axb6 17. Rxb6 Ba6 18. d4 Bxe2+ 19. Kxe2 cxd4 20. exd4 Bxd4
21. Rb4 Bc5 22. Rb2 Rfb8 23. Rxb8+ Rxb8 24. Rd1 h6 25. Nf3 Nxf3 26. Kxf3 Rb2
27. e5 Rf2+ 28. Kg3 Rxa2 29. Kf3 Rf2+ 30. Kg3 dxe5 0-1

[Event "CAN-ch U20 2002"]
[Site "Winnipeg CAN"]
[Date "2002.01.06"]
[Round "8"]
[White "Candow, John"]
[Black "Kwiatek, Jordan"]
[Result "1-0"]
[WhiteElo "1819"]
[BlackElo "1399"]
[PlyCount "51"]
[EventDate "2002.01.02"]
[EventType "swiss"]
[EventRounds "8"]
[EventCountry "CAN"]

1. d4 Nf6 2. c4 g6 3. Nc3 d5 4. cxd5 Nxd5 5. e4 Nxc3 6. bxc3 Bg7 7. Be3 O-O 8.
Qd2 Re8 9. Nf3 b6 10. Bd3 Bb7 11. Rc1 Nd7 12. e5 c5 13. e6 fxe6 14. Ng5 Nf6 15.
Bb5 cxd4 16. cxd4 Qd5 17. Bxe8 Qxg2 18. Bb5 Qxh1+ 19. Ke2 Ne4 20. Qb4 Qxh2 21.
Qxe7 Nxg5 22. Bxg5 Qh5+ 23. Ke1 Bd5 24. Rc7 Bxd4 25. Qf7+ Kh8 26. Bf6+ 1-0

[Event "CAN-ch U20 2002"]
[Site "Winnipeg CAN"]
[Date "2002.01.06"]
[Round "8"]
[White "Charbonneau, Anne-Marie"]
[Black "Wang, Hao Yuan"]
[Result "0-1"]
[WhiteElo "1925"]
[BlackElo "2219"]
[PlyCount "76"]
[EventDate "2002.01.02"]
[EventType "swiss"]
[EventRounds "8"]
[EventCountry "CAN"]

1. d4 Nf6 2. c4 e6 3. Nc3 Bb4 4. Qc2 O-O 5. a3 Bxc3+ 6. Qxc3 d6 7. Nf3 Nbd7 8.
b4 b6 9. g3 c5 10. Bg2 Bb7 11. O-O Rc8 12. Bb2 Qc7 13. Rac1 Rfd8 14. Rfd1 Be4
15. h3 h6 16. g4 Qb8 17. Qe3 cxb4 18. axb4 d5 19. cxd5 Bxd5 20. g5 hxg5 21.
Nxg5 Bxg2 22. Kxg2 Nd5 23. Qf3 Qf4 24. Qh5 Qf5 25. e3 Nf8 26. Rxc8 Rxc8 27. Rc1
Rxc1 28. Bxc1 g6 29. Qh6 Qc2 30. h4 Qxc1 31. h5 Qc2 32. e4 Ne3+ 33. Kg3 Nd1 34.
hxg6 Qxf2+ 35. Kh3 fxg6 36. Nxe6 Qf3+ 37. Kh4 Qh1+ 38. Kg5 Nxe6+ 0-1

[Event "CAN-ch U20 2002"]
[Site "Winnipeg CAN"]
[Date "2002.01.06"]
[Round "8"]
[White "Lipnowski, Michael"]
[Black "Davies, Lucas"]
[Result "0-1"]
[WhiteElo "1799"]
[BlackElo "1919"]
[PlyCount "64"]
[EventDate "2002.01.02"]
[EventType "swiss"]
[EventRounds "8"]
[EventCountry "CAN"]

1. d4 Nf6 2. c4 e6 3. Nf3 Bb4+ 4. Bd2 Qe7 5. e3 O-O 6. a3 Bxd2+ 7. Qxd2 d6 8.
Nc3 Nc6 9. Bd3 e5 10. d5 Nb8 11. Qc2 a5 12. Rb1 Re8 13. Ng5 h6 14. Nge4 Nxe4
15. Nxe4 f5 16. Ng3 f4 17. Ne4 fxe3 18. fxe3 Rf8 19. Kd2 Bf5 20. Rbf1 Nd7 21.
Nf6+ Rxf6 22. Bxf5 Raf8 23. h4 g6 24. Be6+ Kg7 25. Rxf6 Rxf6 26. Ke1 Nc5 27.
Bh3 e4 28. Rf1 Nd3+ 29. Ke2 Rxf1 30. Kxf1 Qxh4 31. Qc3+ Qf6+ 32. Qxf6+ Kxf6 0-1

[Event "CAN-ch U20 2002"]
[Site "Winnipeg CAN"]
[Date "2002.01.06"]
[Round "8"]
[White "Moskvitch, Andrei"]
[Black "Jiganchine, Roman"]
[Result "1-0"]
[WhiteElo "2200"]
[BlackElo "2246"]
[PlyCount "77"]
[EventDate "2002.01.02"]
[EventType "swiss"]
[EventRounds "8"]
[EventCountry "CAN"]

1. e4 c6 2. d4 d5 3. exd5 cxd5 4. c4 Nf6 5. Nc3 e6 6. Nf3 Be7 7. cxd5 Nxd5 8.
Bc4 O-O 9. O-O Nc6 10. Re1 Nxc3 11. bxc3 b6 12. Bd3 Bb7 13. h4 Rc8 14. Ng5 Bxg5
15. Bxg5 f6 16. Qh5 g6 17. Bxg6 Qd7 18. Bh6 hxg6 19. Qxg6+ Kh8 20. Bxf8 Rxf8
21. Re3 Qg7 22. Qh5+ Qh7 23. Qxh7+ Kxh7 24. Rxe6 Kg6 25. Rae1 Rd8 26. Re8 Rd5
27. g4 Rd7 28. f4 Kf7 29. R8e3 Ne7 30. c4 Ba6 31. h5 Bxc4 32. h6 Nd5 33. h7 Kg7
34. Rh3 Rd8 35. g5 Nxf4 36. h8=Q+ Rxh8 37. gxf6+ Kxf6 38. Rxh8 Ne2+ 39. Kf2 1-0

[Event "CAN-ch U20 2002"]
[Site "Winnipeg CAN"]
[Date "2002.01.06"]
[Round "8"]
[White "Mu, Yuchen"]
[Black "Davies, Noam"]
[Result "1-0"]
[WhiteElo "1720"]
[BlackElo "1670"]
[PlyCount "69"]
[EventDate "2002.01.02"]
[EventType "swiss"]
[EventRounds "8"]
[EventCountry "CAN"]

1. e4 c5 2. f4 e6 3. Nf3 Nc6 4. Bb5 d5 5. exd5 exd5 6. Bxc6+ bxc6 7. O-O Be7 8.
b3 Bf6 9. Nc3 Ne7 10. Rb1 Ba6 11. Re1 O-O 12. Ba3 Bxc3 13. dxc3 Qd6 14. Qd4 Nf5
15. Qxc5 Qxc5+ 16. Bxc5 Rfd8 17. Re5 Nd6 18. Bxd6 Rxd6 19. Rbe1 h6 20. Re8+
Rxe8 21. Rxe8+ Kh7 22. Re7 Re6 23. Rxe6 fxe6 24. Nd4 c5 25. Nxe6 c4 26. b4 Bb5
27. Kf2 Ba4 28. Nd4 Bd7 29. Kf3 Kg6 30. g4 Kf6 31. h4 g6 32. g5+ hxg5 33. hxg5+
Kf7 34. f5 gxf5 35. Kf4 1-0

[Event "CAN-ch U20 2002"]
[Site "Winnipeg CAN"]
[Date "2002.01.06"]
[Round "8"]
[White "Strehlow, Chris"]
[Black "Vincent, Trevor"]
[Result "0-1"]
[WhiteElo "1608"]
[BlackElo "1694"]
[PlyCount "106"]
[EventDate "2002.01.02"]
[EventType "swiss"]
[EventRounds "8"]
[EventCountry "CAN"]

1. e4 c5 2. Nf3 Nc6 3. d4 cxd4 4. Nxd4 g6 5. b3 Bg7 6. Bb2 Nf6 7. g3 O-O 8. Bg2
d6 9. O-O Bd7 10. Nc3 Rc8 11. Nce2 a6 12. a3 b5 13. b4 Ne5 14. Ra2 Nc4 15. Nf3
Nxb2 16. Rxb2 Nxe4 17. Rb3 Be6 18. Re3 Nc3 19. Qd2 Nxe2+ 20. Qxe2 Bc4 21. Qd1
Bxf1 22. Kxf1 Rc3 23. Rd3 Rxd3 24. Qxd3 Qc7 25. Nd2 Qc3 26. Qxc3 Bxc3 27. Nb1
Bf6 28. c3 Rb8 29. Ke2 e6 30. Kd3 d5 31. Kc2 Kf8 32. Kb3 Ke7 33. a4 Kd6 34. f4
h5 35. axb5 axb5 36. Na3 g5 37. Bf1 Kc6 38. fxg5 Bxg5 39. h4 Be3 40. Be2 Bf2
41. Bxh5 f5 42. Bf7 Kd7 43. h5 Bxg3 44. h6 Be5 45. h7 Bf6 46. Bg8 f4 47. Nc2 f3
48. Nd4 f2 49. Bxe6+ Kd6 50. Bh3 Rh8 51. Bf1 Rxh7 52. Bxb5 Rh1 53. Ka4 f1=Q 0-1

[Event "CAN-ch U20 2002"]
[Site "Winnipeg CAN"]
[Date "2002.01.06"]
[Round "8"]
[White "Strub, Michael"]
[Black "Lafreniere, Adrian"]
[Result "1/2-1/2"]
[WhiteElo "1719"]
[BlackElo "1721"]
[PlyCount "42"]
[EventDate "2002.01.02"]
[EventType "swiss"]
[EventRounds "8"]
[EventCountry "CAN"]

1. d4 e6 2. c4 b6 3. Nc3 Bb7 4. e4 Bb4 5. Qc2 h6 6. Bd3 Ne7 7. Nge2 O-O 8. Bd2
f5 9. f3 Nbc6 10. O-O-O a5 11. Rhg1 fxe4 12. Bxe4 d5 13. cxd5 Nxd5 14. Nxd5
exd5 15. Bh7+ Kh8 16. a3 Re8 17. Bxh6 gxh6 18. axb4 Nxb4 19. Qg6 Qg5+ 20. Rd2
Ba6 21. Ng3 Qe3 1/2-1/2

[Event "CAN/QC op"]
[Site "Montreal CAN"]
[Date "2002.07.13"]
[Round "1"]
[White "Audet-Bouchard, Nicolas"]
[Black "Khassanov, Marat"]
[Result "0-1"]
[WhiteElo "2037"]
[BlackElo "2375"]
[PlyCount "112"]
[EventDate "2002.07.13"]
[EventType "swiss"]
[EventRounds "9"]
[EventCountry "CAN"]

1. e4 e5 2. f4 exf4 3. Bc4 d5 4. exd5 Qh4+ 5. Kf1 f3 6. Bb5+ Bd7 7. Bxd7+ Nxd7
8. Nxf3 Qc4+ 9. d3 Qxd5 10. Nc3 Qf5 11. Qe1+ Ne7 12. Qf2 Nc6 13. Bg5 f6 14.
Re1+ Be7 15. Bd2 O-O-O 16. Nd1 Rhe8 17. Ne3 Qb5 18. b3 Bb4 19. a4 Qc5 20. Nc4
Bxd2 21. Qxc5 Rxe1+ 22. Nxe1 Nxc5 23. Nxd2 Nd4 24. Ndf3 Nce6 25. Kf2 a5 26. Ke3
b6 27. Kd2 Rd5 28. Nxd4 Nxd4 29. Nf3 Nxf3+ 30. gxf3 Rh5 31. Ke3 g6 32. Kf2 Kd7
33. Kg3 Re5 34. Kf4 c5 35. Rd1 Kc6 36. Rd2 Rh5 37. Ke3 Kd5 38. c3 Re5+ 39. Kf4
Re6 40. d4 c4 41. b4 axb4 42. cxb4 c3 43. Rd1 Kc4 44. d5 Rd6 45. Ke3 Kxb4 46.
Rd4+ Kc5 47. Rd3 Kc4 48. Rd4+ Kb3 49. Rd3 g5 50. Ke2 Kc2 51. Ke3 f5 52. Ke2 f4
53. Rd4 Kb2 54. Rb4+ Kc1 55. Rd4 c2 56. Ke1 Kb2 0-1

[Event "CAN/QC op"]
[Site "Montreal CAN"]
[Date "2002.07.13"]
[Round "1"]
[White "Bannon, Eric"]
[Black "Caceres Cortes, Julio"]
[Result "1/2-1/2"]
[WhiteElo "2212"]
[BlackElo "2090"]
[PlyCount "122"]
[EventDate "2002.07.13"]
[EventType "swiss"]
[EventRounds "9"]
[EventCountry "CAN"]

1. e4 c5 2. Nf3 e6 3. d4 cxd4 4. Nxd4 Nc6 5. Nc3 Qc7 6. Be3 a6 7. Bd3 Nf6 8.
Nxc6 bxc6 9. O-O Bd6 10. f4 e5 11. g3 h5 12. Be2 Bb4 13. Na4 Bb7 14. Nb6 Rb8
15. Nc4 d5 16. Nxe5 Rd8 17. c3 Ba5 18. Qb3 Nxe4 19. Bf3 Nd6 20. Rfe1 O-O 21.
Bxh5 c5 22. Red1 Bb6 23. Rac1 Nf5 24. Bf2 Rd6 25. Qc2 g6 26. Bg4 Ng7 27. Re1
Rfd8 28. Re2 Ne6 29. Nxg6 fxg6 30. Bxe6+ Kg7 31. Bg4 d4 32. cxd4 c4 33. Qxc4
Rc6 34. Qxc6 Bxc6 35. Bf3 Rd6 36. d5 Bxf2+ 37. Rxf2 Qb6 38. dxc6 Rd2 39. Rcf1
Rc2 40. Kg2 Rxc6 41. Bxc6 Qxc6+ 42. Rf3 Qd5 43. a3 Qe4 44. g4 Qd4 45. R1f2 Qe4
46. h3 a5 47. f5 gxf5 48. gxf5 Kf6 49. Rd2 a4 50. Rd6+ Kf7 51. Re6 Qc2+ 52. Rf2
Qd3 53. Rfe2 Qd5+ 54. Kg3 Qd3+ 55. Kg4 Qd4+ 56. R2e4 Qg7+ 57. Kf3 Qg1 58. Re7+
Kf6 59. R7e6+ Kf7 60. Re7+ Kf6 61. R4e6+ Kxf5 1/2-1/2